INFLUENCE OF THE FERRITE-TO-PEARLITE RATIO ON THE MECHANICAL RESPONSE OF NODULAR CAST IRON

Podrobná bibliografia
Hlavní autori: Nicoletto, G. (Autor), Collini, L. (Autor), Bujnová, P. (Autor), Konečná, Radomila, 1953- (Autor)
Médium: Článok
Jazyk:angličtina

MARC

LEADER 00000nab a2200000uu 4500
001 vtls011480670
003 SK-MaSNL
005 20260303160027.0
008 230222|2004 xo |||||||||||||||||eng|
015 |a SNBRB 
035 |a (urnnbn)urn:nbn:sk:snk:ar-005d7d 
035 |a (uuid)c13280e1-c81b-428d-9c85-317a1b2771db 
035 |a urn:nbn:sk:snk-abd860 
040 |a SNKBUCL  |b slo  |c SNKBUCL  |e AACR2 
041 0 |a eng 
044 |a xo  |c SK 
100 1 |a Nicoletto, G.  |4 aut  |9 822608 
245 1 0 |a INFLUENCE OF THE FERRITE-TO-PEARLITE RATIO ON THE MECHANICAL RESPONSE OF NODULAR CAST IRON  |c P. Bujnová, L. Collini, G. Nicoletto, R. Konečná 
246 3 |a VPLYV PODIELU FERITU NA MECHANICKÉ SPRÁVANIE SA TVÁRNEJ LIATINY 
700 1 |a Collini, L.  |4 aut  |9 1180287 
700 1 |a Bujnová, P.  |4 aut  |9 1180288 
700 1 |a Konečná, Radomila,  |d 1953-  |4 aut  |9 224241 
773 0 |t Acta Metallurgica Slovaca : časopis Hutníckej fakulty Technickej univerzity Košice  |g Roč. 10, č. 1 (2004), s. 258-263 
958 |a OND 
958 |a EUIPO 
958 |a article18 
999 |c 2043923  |d 2045853